000 00882 am a2200253 a 4500
003 CO-ViMGA
005 20230915233135.0
008 150625s2015 ck gr 000 f spa
020 _a9789587766530
040 _aCO-ViMGA
_bspa
_cCO-ViMGA
090 _aN MALA
100 1 0 _aMaldonado, Lucrecia
_d1962-
_923891
245 1 4 _aLas alas de la soledad
_cLucrecia Maldonado
250 _aEdicion especial para El Ministerio de Cultura, Biblioteca Nacional de Colombia
260 _aBogot
_bNorma
_c2015
300 _a140 pg̀inas
_c21 cm
490 0 _aZona libre
650 1 4 _aAdolescentes en la literatura
_2LEMB
_96129
650 1 4 _aAutores ecuatoriana
_ySiglo XX
_2LEMB
_924195
650 1 4 _aLiteratura ecuatoriana
_ySiglo XX
_2LEMB
_923905
650 1 4 _aNovela juvenil ecuatoriana
_ySiglo XX
_2LEMB
_923904
650 1 4 _aSoledad en la literatura
_2LEMB
_924245
942 _2ddc
_cBK
999 _c35566
_d35566